| 000 | 00694nam a2200205 a 4500 | ||
|---|---|---|---|
| 001 | 000908669 | ||
| 003 | AM-YeHGA | ||
| 005 | 20250617145538.0 | ||
| 008 | 120731s1973 ru r 000 0 rus d | ||
| 040 | _aAM-YeHGA | ||
| 041 | 0 | _arus | |
| 100 | 1 | _aГраменицкий, Владимир Николаевич | |
| 245 | 1 | 0 |
_aГрузоизмерительные поршневые приборы / _cВ.Н. Граменицкий. |
| 260 |
_aМосква : _bИзд-во стандартов, _c1973. |
||
| 300 | _a142 с. | ||
| 440 | 0 | _aБ-ка метролога | |
| 504 | _aБиблиогр.: с. 137-140 | ||
| 653 | 0 | _aИзмерительная техника | |
| 090 | _c315732 | ||
| 999 |
_c314012 _d314012 |
||